000 03321cam a22003377a 4500
001 16461103
003 OSt
005 20231018084812.0
008 100914s2011 enka b 001 0 eng d
010 _a 2010039150
020 _a9781405170673 (pbk. : alk. paper)
020 _a1405170670 (pbk. : alk. paper)
035 _a(OCoLC)ocn701595656
040 _aQ2U
_beng
_cQ2U
_dUOH
_dOCLCQ
_dNLE
_dDLC
042 _alccopycat
050 0 0 _aRC683.8
_b.A23 2011
082 0 4 _aWG100 M8981 2011
_222
100 _aGrech, Ever D.
_916636
245 0 0 _aABC of Interventional Cardiology
250 _a2nd ed.
260 _aOxford ;
_bWiley-Blackwell/BMJ Books,
_c2011.
300 _axii, 102 p. :
_bill. (some col.) ;
_c28 cm.
504 _aIncludes bibliographical references and index.
505 8 _aMachine generated contents note: Contributors. -- Preface to the second edition. -- List of trial acronyms. -- 1. Modifying risk factors to improve prognosis (Kevin S Channer and Ever D Grech). -- 2. Pathophysiology and investigation of coronary artery disease (Ever D Grech). -- 3. Percutaneous coronary intervention I: History and development (Ever D Grech). -- 4. Percutaneous coronary intervention II: The procedure (Ever D Grech). -- 5. Chronic stable angina: treatment options (Laurence O'Toole and Ever D Grech). -- 6. Acute coronary syndrome: unstable angina and non-ST segment elevation myocardial infarction (Ever D Grech). -- 7. Acute coronary syndrome: ST segment elevation myocardial infarction (Ever D Grech). -- 8. Percutaneous coronary intervention: Cardiogenic shock (Ever D Grech). -- 9. Interventional pharmacotherapy (Ever D Grech and Robert F Storey). -- 10. Non-coronary percutaneous intervention (Ever D Grech). -- 11. New developments in percutaneous coronary intervention (Julian Gunn and Ever D Grech). -- 12. Percutaneous interventional electrophysiology (Gerry C Kaye). -- 13. Implantable devices for treating tachyarrhythmias (Gerry C Kaye). -- 14. Pacemakers for brachycardia (Gerry C Kaye). -- 15. Heart failure, dys-synchrony and resynchronisation therapy (Abdallah Al-Mohammed, Ever D Grech and Jonathan Sahu). -- 16. Interventional paediatric cardiology (Damien Kenny and Kevin P Walsh). -- Index.
520 _a"This fully updated, new edition of ABC of Interventional Cardiology is an easy-to-read, practical guide for the non-specialist. It presents the complex aspects of interventional cardiology in a clear and concise manner, and explains the different interventions for coronary artery disease, valvular and structural heart disease, and electrophysiology, ordered by clinical setting. The ABC of Interventional Cardiology covers the core knowledge on techniques and management, and highlights the evidence base. Illustrated in full colour throughout, with new images and graphics, it includes key evidence and guidelines, new drug treatments and devices, with recommendations for further reading and additional resources in each chapter. It is ideal for GPs, hospital doctors, medical students, catheter laboratory staff and cardiology nurses"--Provided by publisher.
650 0 _aCardiology.
_93034
650 0 _aHeart
_95890
906 _a7
_bcbc
_ccopycat
_d2
_eepcn
_f20
_gy-gencatlg
942 _2z
_cO_SHELF
999 _c8143
_d8143